Christmas Day Quiz - Statistics

General Stats
  • This quiz has been taken 44 times
  • The average score is 9 of 15
Answer Stats
Question Answer % Correct
Where does Santa Claus live? North Pole
97%
What does Santa leave naughty children? Coal
90%
How many Reindeer does Santa have? 9
87%
Before the 1930s Santa Clause was portrayed usually in green and brown robes, what company popularised the modern red suit with their advertising campaigns? Coca Cola
87%
Christmas Day Celebrates the what of who? The birth of Jesus Christ
87%
What Christmas song is the most streamed song on Spotify, with over 2 billion streams? All I want for Christmas is you - Mariah Carey
80%
During which war did the famous Christmas Truce take place? WW1
63%
on 25 December, in 1950. Scottish nationalists stole the stone of scone from what English abbey? Westminster Abbey
57%
Santa Claus, known as, St. Nicholas originated from what modern day country? Turkey
50%
How much is a Baileys Hot Chocolate at Winter WonderLand in London? £11.50
47%
When did the iconic Christmas song, Do they know its Christmas release? 1984
47%
How many Ghosts does Scrooge encounter in a Christmas Carol? 4
43%
Which one of these famous people where born on Christmas Day? Justin Trudeau
33%
How many countries recognise Christmas a national holiday? 160
30%
Highest grossing christmas movie at the box office? $540 million worldwide The Grinch (animated 2018)
23%
No matching quizzes found
Score Distribution
Percent of People with Each Score
Percentile by Number Answered
Your Score History
You have not taken this quiz